UBT Library

Practical ideas for addressing challenging behaviors / (Record no. 39119)

000 -LEADER
fixed length control field 00772cam a2200253 a 4500
001 - CONTROL NUMBER
control field 13587851
005 - DATE AND TIME OF LATEST TRANSACTION
control field 20171218090911.0
008 - FIXED-LENGTH DATA ELEMENTS--GENERAL INFORMATION
fixed length control field 040510s1999 coua b 000 0 eng d
010 ## - LIBRARY OF CONGRESS CONTROL NUMBER
LC control number 2004272486
020 ## - INTERNATIONAL STANDARD BOOK NUMBER
International Standard Book Number 157035264X
035 ## - SYSTEM CONTROL NUMBER
System control number (OCoLC)ocm43937799
040 ## - CATALOGING SOURCE
Original cataloging agency YPM
Transcribing agency YPM
Modifying agency NGU
-- DLC
041 ## - LANGUAGE CODE
Language code of text/sound track or separate title eng
042 ## - AUTHENTICATION CODE
Authentication code lccopycat
080 ## - UNIVERSAL DECIMAL CLASSIFICATION NUMBER
Universal Decimal Classification number 371.93 CHRI
082 00 - DEWEY DECIMAL CLASSIFICATION NUMBER
Classification number 371.93 CHRI
Edition number 22
100 ## - Rafti
Rafti 48
101 ## - Shkurtesa
Shkurtesa PSI
245 00 - TITLE STATEMENT
Title Practical ideas for addressing challenging behaviors /
Statement of responsibility, etc Susan Sandall and Michaelene Ostrosky, co-editors.
504 ## - BIBLIOGRAPHY, ETC. NOTE
Bibliography, etc Includes bibliographical references.
906 ## - LOCAL DATA ELEMENT F, LDF (RLIN)
a 7
b cbc
c copycat
d 2
e ncip
f 20
g y-gencatlg
942 ## - ADDED ENTRY ELEMENTS (KOHA)
Source of classification or shelving scheme
Item type Books
Holdings
Withdrawn status Lost status Source of classification or shelving scheme Damaged status Not for loan Collection code Permanent location Current location Shelving location Date acquired Total Checkouts Full call number Barcode Date last seen Price effective from Koha item type
          Koleksioni i përgjithshem UBT - Lipjan UBT - Lipjan Koleksioni i përgjithshem 12/18/2017   371.93 CHRI 002-2939060 12/18/2017 12/18/2017 Books
UBT Library © 2015-2024. All rights reserved University Education for Business and Technology